000 00569nam a2200181Ia 4500
005 20250508165515.0
008 008 250505s9999 xx 000 0 eng d
037 _aDissertations
040 _aFEDL
_beng
_cFEDL
041 _aeng
_2eng
084 _a371.97, BHA/DI
_qFEDL
100 _aBharti
245 0 _aStudy of socialization of scheduled caste students of senior secondary school of Delhi
300 _a150p.
546 _aM. Phil. Dissertation (Delhi University); C D Included
942 _cDIS
_h371.97, BHA/DI
999 _c1395535
_d1395535